000 01185nam a2200373 i 4500
001 10842
003 KOSZ 005
005 20200818102655.0
008 071007s1968 pl a f f 000 0 pol
015 _aPB 1968/2602
040 _aWA N
_cWA N
_dKOSZ 005/RW
_dKOSZ 005/HR
046 _k1968
080 _a624.01/.07
080 _a539.3/.6
100 1 _aKozłowski, Tadeusz
_c(budownictwo)
_eAutor
245 1 0 _aZarys teorii sprężystości /
_cTadeusz Kozłowski.
260 _aWarszawa :
_b"Arkady",
_c1968.
300 _a264 s. :
_bil. ;
_c25 cm.
336 _2rdacontent
_aTekst
_btxt
337 _2rdamedia
_aBez urządzenia pośredniczącego
_bn
338 _2rdacarrier
_aWolumin
_bnc
380 _aKsiążki
380 _aPublikacje dydaktyczne
388 _a1901-2000
388 _a1945-1989
504 _aBibliogr. s. 263-264.
650 4 _aSprężystość
655 4 _aPodręcznik
658 _aFizyka i astronomia
658 _aArchitektura i budownictwo
710 2 _aWydawnictwo Arkady
_4pbl.
856 _uhttp://koha.tu.koszalin.pl/cgi-bin/koha/opac-detail.pl?biblionumber=10842
_yKatalog online BPK
942 _2UKD
_cKS
999 _c10842
_d10842